[Event "DVM U12 2021-22"]
[Site "Naumburg"]
[Date "2022.03.27"]
[Round "5"]
[White "Dordevic, Tom"]
[Black "Lu, Yunong Elias"]
[Result "1-0"]
[WhiteElo "1671"]
[BlackElo "1677"]
[Annotator "NA"]
[PlyCount "101"]
[EventDate "2022.03.25"]
[EventType "team-tourn"]
[EventRounds "7"]
[EventCountry "GER"]
[SourceTitle "playchess.com"]
[Source "ChessBase"]
[SourceQuality "1"]
[TimeControl "40/5400+30:1800+30"]

1. Nf3 {[%emt 0:00:07]} Nf6 {[%emt 0:00:16]} 2. g3 {[%emt 0:00:03]} g6 {[%emt 0:00:33]} 3. Bg2 {[%emt 0:00:05]} Bg7 {[%emt 0:00:51]} 4. O-O {[%emt 0:00:13]} O-O {[%emt 0:00:51]} 5. c4 {[%emt 0:00:08]} c5 {[%emt 0:02:37]} 6. d4 {[%emt 0:00:20]} cxd4 {[%emt 0:03:26]} 7. Nxd4 {[%emt 0:00:09]} Nc6 {[%emt 0:01:30]} 8. Nc3 {[%emt 0:09:24]} a6 {[%emt 0:08:22]} 9. Rb1 {[%emt 0:11:42]} e6 {[%emt 0:10:51]} 10. Nxc6 {[%emt 0:10:57]} bxc6 {[%emt 0:10:26]} 11. c5 {[%emt 0:22:44]} Nd5 {[%emt 0:11:34]} 12. Ne4 {[%emt 0:14:05]} Rb8 {[%emt 0:08:35]} 13. Qc2 {[%emt 0:05:03]} a5 {[%emt 0:06:29]} 14. a3 {[%emt 0:00:43]} Ba6 {[%emt 0:03:53]} 15. Rd1 {[%emt 0:04:04]} f5 {[%emt 0:07:57]} 16. Bg5 {[%emt 0:00:50]} Qc7 {[%emt 0:05:57]} 17. Nd6 {[%emt 0:01:27]} h6 {[%emt 0:03:24]} 18. Bxd5 {[%emt 0:00:45]} hxg5 {[%emt 0:00:48]} 19. Bg2 {[%emt 0:00:17]} a4 {[%emt 0:02:16]} 20. Qxa4 {[%emt 0:05:58]} Bxe2 {[%emt 0:00:14]} 21. Rd2 {[%emt 0:00:07]} Bb5 {[%emt 0:01:19]} 22. Qd1 {[%emt 0:00:59]} Ba6 {[%emt 0:01:55]} 23. Bf1 {[%emt 0:03:45]} Bxf1 {[%emt 0:00:27]} 24. Kxf1 {[%emt 0:00:25]} Qa7 {[%emt 0:01:28]} 25. Qc2 {[%emt 0:01:09]} Rfd8 {[%emt 0:00:29]} 26. Kg2 {[%emt 0:00:33]} Bf8 {[%emt 0:01:26]} 27. Qc3 {[%emt 0:01:12]} Bg7 {[%emt 0:00:25]} 28. Qc4 {[%emt 0:01:09]} Qa5 {[%emt 0:01:07]} 29. Qc2 {[%emt 0:01:05]} Bf8 {[%emt 0:01:10]} 30. Rd3 {[%emt 0:01:10]} Bxd6 {[%emt 0:00:16]} 31. Rxd6 {[%emt 0:01:04]} Rb5 {[%emt 0:00:39]} 32. Qd3 {[%emt 0:00:12]} Qa7 {[%emt 0:01:13]} 33. b4 {[%emt 0:00:42]} Kf7 {[%emt 0:02:10]} 34. Rd1 {[%emt 0:01:03]} Rb7 {[%emt 0:00:52]} 35. Rxc6 {[%emt 0:01:12]} dxc6 {[%emt 0:00:37]} 36. Qxd8 {[%emt 0:00:06]} Qxa3 {[%emt 0:00:31]} 37. Rd7+ {[%emt 0:01:53]} Rxd7 {[%emt 0:00:06]} 38. Qxd7+ {[%emt 0:00:04]} Kf6 {[%emt 0:00:14]} 39. b5 {[%emt 0:01:04]} Qxc5 {[%emt 0:01:05]} 40. bxc6 {[%emt 0:00:13]} Qc4 {[%emt 0:00:37]} 41. h3 {[%emt 0:11:25]} Qe4+ {[%emt 0:01:10]} 42. Kh2 {[%emt 0:00:14]} f4 {[%emt 0:07:08]} 43. Qd8+ {[%emt 0:02:35]} Kf7 {[%emt 0:00:31]} 44. Qc7+ {[%emt 0:01:00]} Kf6 {[%emt 0:00:49]} 45. gxf4 {[%emt 0:03:15]} gxf4 {[%emt 0:04:46]} 46. Qd6 {[%emt 0:04:15]} g5 {[%emt 0:05:35]} 47. Qf8+ {[%emt 0:03:18]} Kg6 {[%emt 0:02:23]} 48. Qc5 {[%emt 0:03:01]} g4 {[%emt 0:02:04]} 49. hxg4 {[%emt 0:03:25]} f3 {[%emt 0:00:09]} 50. Kg3 {[%emt 0:01:54]} e5 {[%emt 0:00:46]} 51. Qc1 {[%emt 0:00:48]} 1-0

[Event "DVM U12 2021-22"]
[Site "Naumburg"]
[Date "2022.03.27"]
[Round "5"]
[White "Wartenberg, Alexander"]
[Black "Xue, Luka"]
[Result "0-1"]
[WhiteElo "1639"]
[BlackElo "1610"]
[Annotator "NA"]
[PlyCount "68"]
[EventDate "2022.03.25"]
[EventType "team-tourn"]
[EventRounds "7"]
[EventCountry "GER"]
[SourceTitle "playchess.com"]
[Source "ChessBase"]
[SourceQuality "1"]
[TimeControl "40/5400+30:1800+30"]

1. e4 {[%emt 0:00:03]} e6 {[%emt 0:00:07]} 2. d4 {[%emt 0:00:19]} d5 {[%emt 0:00:08]} 3. Nc3 {[%emt 0:00:13]} Nf6 {[%emt 0:00:04]} 4. Bg5 {[%emt 0:00:06]} dxe4 {[%emt 0:00:04]} 5. Bxf6 {[%emt 0:03:30]} gxf6 {[%emt 0:00:55]} 6. Nxe4 {[%emt 0:00:20]} Be7 {[%emt 0:00:37]} 7. Bd3 {[%emt 0:01:16]} a6 {[%emt 0:01:18]} 8. Qd2 {[%emt 0:03:07]} b5 {[%emt 0:01:32]} 9. c3 {[%emt 0:01:27]} Bb7 {[%emt 0:00:36]} 10. f3 {[%emt 0:00:30]} Nd7 {[%emt 0:00:51]} 11. Ne2 {[%emt 0:00:37]} f5 {[%emt 0:04:41]} 12. Nf2 {[%emt 0:03:19]} Rg8 {[%emt 0:08:48]} 13. Rg1 {[%emt 0:01:11]} Bg5 {[%emt 0:07:48]} 14. f4 {[%emt 0:00:52]} Bh6 {[%emt 0:12:09]} 15. g3 {[%emt 0:01:46]} Nf6 {[%emt 0:02:28]} 16. O-O-O {[%emt 0:04:48]} Bd5 {[%emt 0:04:32]} 17. Qc2 {[%emt 0:02:29]} Qd6 {[%emt 0:08:41]} 18. c4 {[%emt 0:01:09]} bxc4 {[%emt 0:01:23]} 19. Bxc4 {[%emt 0:02:22]} Rb8 {[%emt 0:02:14]} 20. Bxd5 {[%emt 0:04:17]} Nxd5 {[%emt 0:00:23]} 21. Nc3 {[%emt 0:10:45]} Ne3 {[%emt 0:06:28]} 22. Qa4+ {[%emt 0:00:26]} Ke7 {[%emt 0:00:42]} 23. Rd3 {[%emt 0:07:46]} Rb4 {[%emt 0:01:35]} 24. Qa3 {[%emt 0:02:36]} Nc4 {[%emt 0:01:54]} 25. Nd5+ {[%emt 0:02:44]} exd5 {[%emt 0:01:47]} 26. Qc3 {[%emt 0:01:15]} Bxf4+ {[%emt 0:06:45]} 27. Kd1 {[%emt 0:02:37]} Rxb2 {[%emt 0:04:50]} 28. Re1+ {[%emt 0:00:55]} Kf8 {[%emt 0:00:30]} 29. gxf4 {[%emt 0:01:24]} Rxf2 {[%emt 0:00:44]} 30. Rde3 {[%emt 0:00:30]} Nxe3+ {[%emt 0:03:54]} 31. Qxe3 {[%emt 0:00:10]} Rgg2 {[%emt 0:00:24]} 32. Qe8+ {[%emt 0:02:46]} Kg7 {[%emt 0:00:37]} 33. Re3 {[%emt 0:02:03]} Rf1+ {[%emt 0:00:47]} 34. Re1 {[%emt 0:00:13]} Qxf4 {[%emt 0:00:49]} 0-1

[Event "DVM U12 2021-22"]
[Site "Naumburg"]
[Date "2022.03.27"]
[Round "5"]
[White "Braun, Julian"]
[Black "Klaska, Philipp Leon"]
[Result "0-1"]
[WhiteElo "1620"]
[BlackElo "1959"]
[Annotator "NA"]
[PlyCount "108"]
[EventDate "2022.03.25"]
[EventType "team-tourn"]
[EventRounds "7"]
[EventCountry "GER"]
[SourceTitle "playchess.com"]
[Source "ChessBase"]
[SourceQuality "1"]
[TimeControl "40/5400+30:1800+30"]

1. e4 {[%emt 0:00:01]} c5 {[%emt 0:00:24]} 2. Nc3 {[%emt 0:00:02]} e6 {[%emt 0:00:18]} 3. Nge2 {[%emt 0:00:03]} a6 {[%emt 0:00:32]} 4. g3 {[%emt 0:00:26]} Nc6 {[%emt 0:00:16]} 5. Bg2 {[%emt 0:00:25]} Nf6 {[%emt 0:00:37]} 6. O-O {[%emt 0:00:36]} Be7 {[%emt 0:01:03]} 7. a4 {[%emt 0:01:17]} O-O {[%emt 0:01:06]} 8. d3 {[%emt 0:01:06]} h6 {[%emt 0:07:11]} 9. Be3 {[%emt 0:02:44]} d5 {[%emt 0:01:49]} 10. exd5 {[%emt 0:00:11]} exd5 {[%emt 0:00:09]} 11. d4 {[%emt 0:00:31]} c4 {[%emt 0:10:20]} 12. Nf4 {[%emt 0:02:52]} Nb4 {[%emt 0:07:10]} 13. Rc1 {[%emt 0:07:54]} Bf5 {[%emt 0:05:21]} 14. Nh5 {[%emt 0:05:36]} Qd7 {[%emt 0:08:57]} 15. Nxf6+ {[%emt 0:01:24]} Bxf6 {[%emt 0:00:17]} 16. Re1 {[%emt 0:08:06]} Rfe8 {[%emt 0:08:09]} 17. Qd2 {[%emt 0:04:47]} Re7 {[%emt 0:05:08]} 18. b3 {[%emt 0:05:49]} Rc8 {[%emt 0:16:44]} 19. Ne2 {[%emt 0:10:35]} Na2 {[%emt 0:03:30]} 20. bxc4 {[%emt 0:02:07]} Nxc1 {[%emt 0:03:29]} 21. Rxc1 {[%emt 0:00:06]} Rxc4 {[%emt 0:01:01]} 22. Nf4 {[%emt 0:01:14]} Be4 {[%emt 0:01:28]} 23. Bh3 {[%emt 0:03:06]} Qxa4 {[%emt 0:02:21]} 24. c3 {[%emt 0:00:34]} Rec7 {[%emt 0:03:18]} 25. Nh5 {[%emt 0:02:11]} Qc6 {[%emt 0:01:49]} 26. Bf4 {[%emt 0:08:33]} Bg6 {[%emt 0:02:29]} 27. Bxc7 {[%emt 0:02:35]} Bxh5 {[%emt 0:00:23]} 28. Bf4 {[%emt 0:01:17]} b5 {[%emt 0:02:46]} 29. g4 {[%emt 0:06:00]} Bg6 {[%emt 0:00:12]} 30. Bf1 {[%emt 0:00:52]} Ra4 {[%emt 0:00:20]} 31. Re1 {[%emt 0:01:16]} a5 {[%emt 0:02:21]} 32. g5 {[%emt 0:01:35]} hxg5 {[%emt 0:01:09]} 33. Bxg5 {[%emt 0:00:04]} b4 {[%emt 0:01:23]} 34. Bxf6 {[%emt 0:00:48]} Qxf6 {[%emt 0:00:59]} 35. Bb5 {[%emt 0:01:19]} Ra3 {[%emt 0:00:55]} 36. cxb4 {[%emt 0:00:57]} axb4 {[%emt 0:00:33]} 37. Qxb4 {[%emt 0:01:31]} Ra2 {[%emt 0:00:38]} 38. Re8+ {[%emt 0:01:28]} Kh7 {[%emt 0:00:06]} 39. Re2 {[%emt 0:01:47]} Ra1+ {[%emt 0:00:52]} 40. Re1 {[%emt 0:00:40]} Rxe1+ {[%emt 0:00:12]} 41. Qxe1 {[%emt 0:30:05]} Qxd4 {[%emt 0:30:15]} 42. Qe2 {[%emt 0:01:48]} Qe4 {[%emt 0:00:00]} 43. Qd1 {[%emt 0:00:00]} d4 {[%emt 0:00:00]} 44. Be2 {[%emt 0:00:00]} d3 {[%emt 0:00:00]} 45. Bf3 {[%emt 0:00:00]} Qb4 {[%emt 0:00:00]} 46. Qf1 {[%emt 0:00:00]} Bf5 {[%emt 0:00:00]} 47. Bd1 {[%emt 0:00:00]} g6 {[%emt 0:00:00]} 48. f3 {[%emt 0:00:00]} Qd2 {[%emt 0:00:00]} 49. Bb3 {[%emt 0:00:00]} f6 {[%emt 0:00:00]} 50. Qa1 {[%emt 0:00:00]} Bh3 {[%emt 0:00:38]} 51. Qa7+ {[%emt 0:00:00]} Kh6 {[%emt 0:00:15]} 52. Qf2 {[%emt 0:00:00]} Qc1+ {[%emt 0:00:20]} 53. Bd1 {[%emt 0:00:00]} Qxd1+ {[%emt 0:00:05]} 54. Qe1 {[%emt 0:00:00]} Qxe1# 0-1

[Event "DVM U12 2021-22"]
[Site "Naumburg"]
[Date "2022.03.27"]
[Round "5"]
[White "Smith, Tobias"]
[Black "Friedrich, Timofej"]
[Result "1-0"]
[WhiteElo "1571"]
[BlackElo "1377"]
[Annotator "NA"]
[PlyCount "67"]
[EventDate "2022.03.25"]
[EventType "team-tourn"]
[EventRounds "7"]
[EventCountry "GER"]
[SourceTitle "playchess.com"]
[Source "ChessBase"]
[SourceQuality "1"]
[TimeControl "40/5400+30:1800+30"]

1. d4 {[%emt 0:00:01]} d5 {[%emt 0:00:09]} 2. c4 {[%emt 0:00:08]} c6 {[%emt 0:00:15]} 3. cxd5 {[%emt 0:00:06]} cxd5 {[%emt 0:00:08]} 4. Nc3 {[%emt 0:00:05]} Nf6 {[%emt 0:00:08]} 5. Bf4 {[%emt 0:00:07]} Nc6 {[%emt 0:00:24]} 6. e3 {[%emt 0:00:34]} a6 {[%emt 0:00:08]} 7. Bd3 {[%emt 0:01:50]} Bg4 {[%emt 0:00:41]} 8. Nf3 {[%emt 0:08:03]} Bxf3 {[%emt 0:00:33]} 9. Qxf3 {[%emt 0:00:33]} e6 {[%emt 0:00:39]} 10. a3 {[%emt 0:00:18]} Bd6 {[%emt 0:00:22]} 11. Bg3 {[%emt 0:03:34]} b5 {[%emt 0:03:28]} 12. O-O {[%emt 0:11:49]} h6 {[%emt 0:05:59]} 13. Rac1 {[%emt 0:02:42]} Ne7 {[%emt 0:07:58]} 14. Bxd6 {[%emt 0:04:33]} Qxd6 {[%emt 0:05:18]} 15. Bxb5+ {[%emt 0:01:36]} axb5 {[%emt 0:03:48]} 16. Nxb5 {[%emt 0:00:12]} Qb8 {[%emt 0:00:30]} 17. Nc7+ {[%emt 0:00:35]} Kd7 {[%emt 0:02:53]} 18. Nxa8 {[%emt 0:00:19]} Qxa8 {[%emt 0:00:08]} 19. Qg3 {[%emt 0:01:38]} Ne8 {[%emt 0:02:06]} 20. Rc3 {[%emt 0:05:23]} Nf5 {[%emt 0:01:18]} 21. Qf3 {[%emt 0:01:13]} f6 {[%emt 0:00:35]} 22. Rfc1 {[%emt 0:01:12]} Nfd6 {[%emt 0:00:32]} 23. Qh5 {[%emt 0:06:22]} Rf8 {[%emt 0:04:50]} 24. Qg6 {[%emt 0:16:07]} Qb7 {[%emt 0:13:48]} 25. Qc2 {[%emt 0:03:02]} Nc4 {[%emt 0:06:16]} 26. Qa4+ {[%emt 0:01:54]} Kd8 {[%emt 0:00:36]} 27. Rb3 {[%emt 0:01:55]} Qc8 {[%emt 0:08:02]} 28. Qa7 {[%emt 0:05:28]} Ned6 {[%emt 0:09:47]} 29. Rb8 {[%emt 0:01:41]} g5 {[%emt 0:01:24]} 30. Rxc8+ {[%emt 0:00:17]} Nxc8 {[%emt 0:00:10]} 31. Qg7 {[%emt 0:03:48]} Ke8 {[%emt 0:02:56]} 32. b3 {[%emt 0:00:46]} N4d6 {[%emt 0:00:30]} 33. Rc7 {[%emt 0:01:14]} Rf7 {[%emt 0:00:32]} 34. Qg8+ 1-0

[Event "DVM U12 2021-22"]
[Site "Naumburg"]
[Date "2022.03.27"]
[Round "5"]
[White "Merenda, Lukas-Benedikt"]
[Black "Haubold, Sebastian Marcel"]
[Result "1/2-1/2"]
[WhiteElo "1479"]
[BlackElo "1869"]
[Annotator "NA"]
[PlyCount "95"]
[EventDate "2022.03.25"]
[EventType "team-tourn"]
[EventRounds "7"]
[EventCountry "GER"]
[SourceTitle "playchess.com"]
[Source "ChessBase"]
[SourceQuality "1"]
[TimeControl "40/5400+30:1800+30"]

1. e4 {[%emt 0:00:01]} e5 {[%emt 0:00:08]} 2. Bc4 {[%emt 0:00:06]} Nf6 {[%emt 0:00:07]} 3. d4 {[%emt 0:00:18]} exd4 {[%emt 0:05:32]} 4. Nf3 {[%emt 0:00:37]} Bc5 {[%emt 0:00:52]} 5. e5 {[%emt 0:01:29]} d5 {[%emt 0:09:40]} 6. exf6 {[%emt 0:01:21]} dxc4 {[%emt 0:00:31]} 7. Qe2+ {[%emt 0:01:18]} Be6 {[%emt 0:00:41]} 8. fxg7 {[%emt 0:00:54]} Rg8 {[%emt 0:00:07]} 9. Bh6 {[%emt 0:01:50]} Nc6 {[%emt 0:10:40]} 10. O-O {[%emt 0:08:13]} Qf6 {[%emt 0:03:22]} 11. Qd2 {[%emt 0:05:24]} O-O-O {[%emt 0:04:31]} 12. Qg5 {[%emt 0:04:09]} Be7 {[%emt 0:03:03]} 13. Nbd2 {[%emt 0:05:01]} Qxg5 {[%emt 0:02:57]} 14. Nxg5 {[%emt 0:00:26]} Bxg5 {[%emt 0:00:12]} 15. Bxg5 {[%emt 0:00:02]} Rd5 {[%emt 0:00:13]} 16. Bf6 {[%emt 0:01:15]} Bf5 {[%emt 0:02:58]} 17. f4 {[%emt 0:12:15]} Bxc2 {[%emt 0:02:17]} 18. g4 {[%emt 0:00:30]} b5 {[%emt 0:07:15]} 19. Rfc1 {[%emt 0:01:19]} Bd3 {[%emt 0:00:53]} 20. a4 {[%emt 0:02:32]} Kb7 {[%emt 0:11:18]} 21. Nf3 {[%emt 0:10:23]} b4 {[%emt 0:05:43]} 22. Kf2 {[%emt 0:05:41]} Rd6 {[%emt 0:05:29]} 23. g5 {[%emt 0:01:32]} c3 {[%emt 0:02:15]} 24. bxc3 {[%emt 0:03:56]} dxc3 {[%emt 0:00:13]} 25. h4 {[%emt 0:01:46]} Be4 {[%emt 0:02:06]} 26. Rd1 {[%emt 0:03:12]} Bxf3 {[%emt 0:01:45]} 27. Kxf3 {[%emt 0:00:50]} Rxd1 {[%emt 0:00:24]} 28. Rxd1 {[%emt 0:00:01]} Kb6 {[%emt 0:02:02]} 29. Rd5 {[%emt 0:02:33]} a6 {[%emt 0:02:11]} 30. Ke2 {[%emt 0:00:51]} c2 {[%emt 0:04:35]} 31. Kd2 {[%emt 0:01:42]} b3 {[%emt 0:00:06]} 32. a5+ {[%emt 0:00:52]} Nxa5 {[%emt 0:05:40]} 33. Bd4+ {[%emt 0:01:18]} c5 {[%emt 0:00:23]} 34. Rxc5 {[%emt 0:01:46]} Nc6 {[%emt 0:00:01]} 35. Be3 {[%emt 0:00:14]} Kb7 {[%emt 0:01:53]} 36. Rc3 {[%emt 0:01:22]} Rxg7 {[%emt 0:02:21]} 37. Rxb3+ {[%emt 0:00:03]} Kc7 {[%emt 0:00:17]} 38. Kxc2 {[%emt 0:02:09]} Rg8 {[%emt 0:00:49]} 39. f5 {[%emt 0:00:33]} Ne7 {[%emt 0:00:27]} 40. f6 {[%emt 0:04:12]} Nf5 {[%emt 0:00:16]} 41. h5 {[%emt 0:30:01]} Nxe3+ {[%emt 0:30:52]} 42. Rxe3 {[%emt 0:00:01]} Rxg5 {[%emt 0:00:07]} 43. Re7+ {[%emt 0:00:03]} Kd6 {[%emt 0:00:04]} 44. Rxf7 {[%emt 0:00:51]} Rxh5 {[%emt 0:00:13]} 45. Ra7 {[%emt 0:00:14]} Ke6 {[%emt 0:00:46]} 46. Rxa6+ {[%emt 0:00:43]} Kf7 {[%emt 0:00:18]} 47. Kd3 {[%emt 0:00:27]} Rf5 {[%emt 0:00:31]} 48. Ra7+ {[%emt 0:01:51]} 1/2-1/2

[Event "DVM U12 2021-22"]
[Site "Naumburg"]
[Date "2022.03.27"]
[Round "5"]
[White "Eichner, Tim"]
[Black "Fadeev, Justin Michael"]
[Result "0-1"]
[WhiteElo "1460"]
[BlackElo "1327"]
[Annotator "NA"]
[PlyCount "64"]
[EventDate "2022.03.25"]
[EventType "team-tourn"]
[EventRounds "7"]
[EventCountry "GER"]
[SourceTitle "playchess.com"]
[Source "ChessBase"]
[SourceQuality "1"]
[TimeControl "40/5400+30:1800+30"]

1. e4 {[%emt 0:00:04]} c5 {[%emt 0:00:18]} 2. Nf3 {[%emt 0:00:15]} Nc6 {[%emt 0:00:28]} 3. Bc4 {[%emt 0:02:33]} g6 {[%emt 0:03:14]} 4. O-O {[%emt 0:00:13]} Bg7 {[%emt 0:00:16]} 5. c3 {[%emt 0:00:17]} e6 {[%emt 0:00:37]} 6. d4 {[%emt 0:00:15]} d5 {[%emt 0:01:05]} 7. exd5 {[%emt 0:00:28]} exd5 {[%emt 0:00:21]} 8. Bb5 {[%emt 0:00:34]} cxd4 {[%emt 0:01:19]} 9. cxd4 {[%emt 0:00:56]} Nge7 {[%emt 0:00:24]} 10. Nc3 {[%emt 0:00:49]} O-O {[%emt 0:00:29]} 11. Be3 {[%emt 0:02:31]} a6 {[%emt 0:01:45]} 12. Be2 {[%emt 0:04:26]} Nf5 {[%emt 0:01:10]} 13. Qd2 {[%emt 0:02:43]} Re8 {[%emt 0:05:19]} 14. a3 {[%emt 0:02:17]} Nxe3 {[%emt 0:00:42]} 15. fxe3 {[%emt 0:00:11]} Bh6 {[%emt 0:00:44]} 16. Nd1 {[%emt 0:07:13]} Qe7 {[%emt 0:00:59]} 17. Qd3 {[%emt 0:01:37]} Bxe3+ {[%emt 0:00:37]} 18. Kh1 {[%emt 0:06:21]} Bf5 {[%emt 0:01:26]} 19. Qb3 {[%emt 0:02:35]} Bxd4 {[%emt 0:00:57]} 20. Nxd4 {[%emt 0:05:13]} Nxd4 {[%emt 0:00:13]} 21. Qxd5 {[%emt 0:00:39]} Nxe2 {[%emt 0:00:44]} 22. Nf2 {[%emt 0:00:23]} Nf4 {[%emt 0:01:09]} 23. Qc4 {[%emt 0:00:18]} Qe5 {[%emt 0:02:34]} 24. Rad1 {[%emt 0:03:50]} Rad8 {[%emt 0:01:55]} 25. Qb3 {[%emt 0:04:29]} Rxd1 {[%emt 0:00:29]} 26. Qxd1 {[%emt 0:00:35]} Qd5 {[%emt 0:00:41]} 27. Qxd5 {[%emt 0:02:46]} Nxd5 {[%emt 0:00:10]} 28. g3 {[%emt 0:01:00]} Re2 {[%emt 0:01:47]} 29. Nd1 {[%emt 0:00:27]} Be4+ {[%emt 0:00:46]} 30. Kg1 {[%emt 0:00:14]} Rg2+ {[%emt 0:00:16]} 31. Kh1 {[%emt 0:00:07]} Rxg3+ {[%emt 0:00:09]} 32. Rf3 {[%emt 0:00:37]} Bxf3# 0-1

[Event "DVM U12 2021-22"]
[Site "Naumburg"]
[Date "2022.03.27"]
[Round "5"]
[White "Middendorf, Sven-Jonas"]
[Black "Fruth, David"]
[Result "1/2-1/2"]
[WhiteElo "1424"]
[BlackElo "1607"]
[Annotator "NA"]
[PlyCount "77"]
[EventDate "2022.03.25"]
[EventType "team-tourn"]
[EventRounds "7"]
[EventCountry "GER"]
[SourceTitle "playchess.com"]
[Source "ChessBase"]
[SourceQuality "1"]
[TimeControl "40/5400+30:1800+30"]

1. e4 {[%emt 0:00:02]} c5 {[%emt 0:00:21]} 2. Ne2 {[%emt 0:00:09]} g6 {[%emt 0:00:09]} 3. d3 {[%emt 0:00:16]} Bg7 {[%emt 0:00:09]} 4. Nbc3 {[%emt 0:00:04]} Nc6 {[%emt 0:00:11]} 5. Be3 {[%emt 0:00:07]} d6 {[%emt 0:00:38]} 6. g3 {[%emt 0:00:29]} Ne5 {[%emt 0:00:07]} 7. Bg2 {[%emt 0:00:41]} Bg4 {[%emt 0:00:15]} 8. f4 {[%emt 0:00:57]} Nf3+ {[%emt 0:00:16]} 9. Bxf3 {[%emt 0:00:19]} Bxf3 {[%emt 0:00:05]} 10. Rf1 {[%emt 0:00:24]} Bxe2 {[%emt 0:00:11]} 11. Qxe2 {[%emt 0:00:12]} Qb6 {[%emt 0:00:45]} 12. O-O-O {[%emt 0:16:53]} Qa5 {[%emt 0:00:45]} 13. Bd2 {[%emt 0:01:01]} b5 {[%emt 0:00:47]} 14. Kb1 {[%emt 0:09:40]} Rb8 {[%emt 0:04:12]} 15. a3 {[%emt 0:05:38]} b4 {[%emt 0:00:51]} 16. Nd5 {[%emt 0:03:02]} Bxb2 {[%emt 0:03:28]} 17. Bc1 {[%emt 0:21:07]} bxa3 {[%emt 0:01:06]} 18. Ka2 {[%emt 0:01:50]} Bd4 {[%emt 0:04:06]} 19. Qd2 {[%emt 0:02:35]} Rb2+ {[%emt 0:00:09]} 20. Bxb2 {[%emt 0:00:11]} Qxd2 {[%emt 0:01:25]} 21. Rxd2 {[%emt 0:00:05]} Bxb2 {[%emt 0:00:23]} 22. Nc7+ {[%emt 0:00:57]} Kd7 {[%emt 0:00:09]} 23. Nb5 {[%emt 0:00:08]} Nf6 {[%emt 0:00:39]} 24. Nxa3 {[%emt 0:00:46]} Bc3 {[%emt 0:00:24]} 25. Re2 {[%emt 0:00:29]} Kc6 {[%emt 0:01:05]} 26. Rb1 {[%emt 0:00:48]} Nd7 {[%emt 0:00:33]} 27. Nc4 {[%emt 0:01:51]} Nb6 {[%emt 0:00:59]} 28. Nxb6 {[%emt 0:00:48]} axb6 {[%emt 0:00:02]} 29. Kb3 {[%emt 0:00:42]} Bg7 {[%emt 0:00:17]} 30. c3 {[%emt 0:02:07]} Ra8 {[%emt 0:01:09]} 31. Rc2 {[%emt 0:03:59]} b5 {[%emt 0:03:58]} 32. c4 {[%emt 0:03:13]} bxc4+ {[%emt 0:01:16]} 33. Rxc4 {[%emt 0:02:01]} Rb8+ {[%emt 0:00:14]} 34. Kc2 {[%emt 0:00:11]} Ra8 {[%emt 0:00:04]} 35. Kd2 {[%emt 0:00:54]} Bd4 {[%emt 0:00:32]} 36. Rbc1 {[%emt 0:01:46]} Kb5 {[%emt 0:00:06]} 37. Rb1+ {[%emt 0:00:08]} Kc6 {[%emt 0:00:06]} 38. Rbc1 {[%emt 0:04:08]} Kb5 {[%emt 0:00:13]} 39. Rb1+ {[%emt 0:00:06]} 1/2-1/2

[Event "DVM U12 2021-22"]
[Site "Naumburg"]
[Date "2022.03.27"]
[Round "5"]
[White "Moldovan, Tatiana"]
[Black "Bock, Leonas"]
[Result "1-0"]
[WhiteElo "1403"]
[BlackElo "1341"]
[Annotator "NA"]
[PlyCount "103"]
[EventDate "2022.03.25"]
[EventType "team-tourn"]
[EventRounds "7"]
[EventCountry "GER"]
[SourceTitle "playchess.com"]
[Source "ChessBase"]
[SourceQuality "1"]
[TimeControl "40/5400+30:1800+30"]

1. e4 {[%emt 0:00:05]} c5 {[%emt 0:00:08]} 2. Nc3 {[%emt 0:00:06]} Nc6 {[%emt 0:00:16]} 3. Bb5 {[%emt 0:00:18]} e6 {[%emt 0:00:31]} 4. Bxc6 {[%emt 0:00:15]} bxc6 {[%emt 0:00:10]} 5. f4 {[%emt 0:00:22]} d5 {[%emt 0:00:53]} 6. Nf3 {[%emt 0:00:34]} Ne7 {[%emt 0:02:48]} 7. O-O {[%emt 0:00:25]} g6 {[%emt 0:02:35]} 8. d3 {[%emt 0:01:31]} Bg7 {[%emt 0:01:49]} 9. Qe1 {[%emt 0:02:54]} O-O {[%emt 0:04:05]} 10. Na4 {[%emt 0:00:13]} Qc7 {[%emt 0:06:54]} 11. Kh1 {[%emt 0:01:54]} f5 {[%emt 0:07:08]} 12. e5 {[%emt 0:01:03]} d4 {[%emt 0:03:45]} 13. Nxc5 {[%emt 0:04:11]} Qb6 {[%emt 0:03:37]} 14. b4 {[%emt 0:02:05]} Rd8 {[%emt 0:04:33]} 15. Bb2 Rb8 {[%emt 0:00:46]} 16. a3 {[%emt 0:00:55]} Qc7 {[%emt 0:04:11]} 17. Nxd4 {[%emt 0:00:38]} Kf7 {[%emt 0:01:41]} 18. Nf3 {[%emt 0:02:12]} h6 {[%emt 0:03:42]} 19. c4 {[%emt 0:01:27]} Bf8 {[%emt 0:00:45]} 20. Nd2 {[%emt 0:03:34]} a5 {[%emt 0:03:40]} 21. Bc3 {[%emt 0:03:50]} Ng8 {[%emt 0:03:20]} 22. Ndb3 {[%emt 0:00:54]} a4 {[%emt 0:04:34]} 23. Nxa4 {[%emt 0:01:36]} Rxd3 {[%emt 0:00:33]} 24. Rd1 {[%emt 0:00:14]} Rxd1 {[%emt 0:01:17]} 25. Qxd1 {[%emt 0:00:04]} Ba6 {[%emt 0:00:16]} 26. Nb2 {[%emt 0:00:42]} Rd8 {[%emt 0:02:19]} 27. Qf3 {[%emt 0:00:35]} c5 {[%emt 0:01:19]} 28. b5 {[%emt 0:01:13]} Bb7 {[%emt 0:01:25]} 29. Qe2 {[%emt 0:00:11]} Qb8 {[%emt 0:02:31]} 30. Rd1 {[%emt 0:00:28]} Be7 {[%emt 0:02:04]} 31. Rxd8 {[%emt 0:00:43]} Qxd8 {[%emt 0:01:14]} 32. Nd3 {[%emt 0:00:43]} Qc8 {[%emt 0:02:04]} 33. Qe3 {[%emt 0:07:44]} Qd7 {[%emt 0:02:11]} 34. Be1 {[%emt 0:01:53]} Ba8 {[%emt 0:02:14]} 35. h3 {[%emt 0:00:32]} Qb7 {[%emt 0:00:39]} 36. Qe2 {[%emt 0:00:50]} Qa7 {[%emt 0:01:01]} 37. Ba5 {[%emt 0:00:41]} Be4 {[%emt 0:01:00]} 38. Qe3 {[%emt 0:02:08]} g5 {[%emt 0:03:12]} 39. Qe2 {[%emt 0:02:42]} Kg7 {[%emt 0:02:48]} 40. Nf2 {[%emt 0:00:38]} Ba8 {[%emt 0:00:54]} 41. Nd1 {[%emt 0:32:05]} gxf4 {[%emt 0:31:20]} 42. Qf2 {[%emt 0:01:16]} Qb7 {[%emt 0:00:53]} 43. Nc3 {[%emt 0:01:08]} Bh4 {[%emt 0:01:41]} 44. Qe2 {[%emt 0:01:07]} Be7 {[%emt 0:03:34]} 45. Na4 {[%emt 0:00:18]} Qa7 {[%emt 0:02:13]} 46. Qf2 {[%emt 0:04:04]} Kh7 {[%emt 0:02:45]} 47. Qxf4 {[%emt 0:01:25]} Qb7 {[%emt 0:01:17]} 48. Qf2 {[%emt 0:00:45]} Qa7 {[%emt 0:00:14]} 49. Naxc5 {[%emt 0:00:45]} Bxc5 {[%emt 0:02:43]} 50. Qxc5 {[%emt 0:00:08]} Qg7 {[%emt 0:00:20]} 51. Qf2 {[%emt 0:00:52]} Qxe5 {[%emt 0:00:04]} 52. Qa7+ {[%emt 0:00:34]} 1-0